000 00213nam a22000977a 4500
999 _c16172
_d16172
003 OSt
008 200615b ||||| |||| 00| 0 eng d
100 _aRonald Peacock
_94592
245 _aThe Art of Drama
942 _cBK